Największe miasta Finlandii • A-Z - Statystyki

Ogólne statystyki
  • Ten quiz został rozwiązany 164 razy
  • Średni wynik to 5 z 21
Statystyki odpowiedzi
# pop. Fińskie Miasto % Poprawnych
H 655 281 Helsinki
100%
L 119 917 Lahti
52%
R 63 128 Rovaniemi
52%
T 238 420 Tampere
50%
O 205 629 Oulu
48%
K 119 379 Kuopio
45%
E 290 200 Espoo
38%
J 142 477 Jyväskylä
26%
V 233 383 Vantaa
22%
P 83 905 Pori
17%
M 53 197 Mikkeli
13%
S 63 834 Seinäjoki
7%
F 16 906 Forssa
3%
I 26 509 Imatra
3%
U 15 685 Uusikaupunki
2%
Ä 18 759 Äänekoski
1%
A 16 476 Akaa
1%
N 42 709 Nurmijärvi
1%
Y 33 216 Ylöjärvi
1%
B 442 Brändö
0%
G 502 Geta
0%
Nie znaleziono quizów pasujących do podanych kryteriów
Rozkład punktacji
Procent ludzi z każdym wynikiem
Percentyl według liczby udzielonych odpowiedzi
Twoja historia wyników
Nie rozwiązałeś tego quizu